000 00830nam a2200181 a 4500
008 120416s1994 ||||||||||||||||| || u
020 _a0821330713
050 _aIBRD(06)AS/1994/1
100 _aPreston, Lewis T
245 1 0 _aSlowing population growth and accelerating sustainable development: A call to action
_cAn address to the International Conference on population and development by Lewis T. Preston, President, the World Bank
260 _aWashington, D.C.
_bWorld Bank
_c1994
350 _a0.00
490 _aAddresses and statements
500 _aAddress made in Cairo, Egypt, September 6, 1994
650 _aPOPULATION GROWTH
710 _aWorld Bank
995 _D0.00
_FCBU-MAIN LIBRARY (Kitwe)
_H1
_I0.00
_M1
_UAVAILABLE
_WAug 14, 2007
_ZInternational Publications
999 _c57553
_d57553